01305nam a2200325 c 450000100060000000300100000600500170001600700030003300800410003602000180007704000350009504100080013004300120013808200230015010000360017324502520020925000220046126400570048330000180054033600270055833700330058533800280061849000590064650400380070552100410074354500550078465000430083965000420088265000550092458816CO-BoRNBP20250828153340.0ta210812s2016 ck er 000 0 spa d a9789587387728 aCO-BoRNBPbspaerdacCO-BoRNBP0 aspa as-ck---04a342.0872bM85b222 aMuñoz Onofre, Juan Pabloeaut13aLa brecha de implementación, derechos territoriales de los pueblos indígenas en Colombia :bconfiguración en las normas, las políticas y los jueces tras la aprobación de la Constitución Política de 1991 /cJuan Pablo Muñoz Onofre. aPrimera edición 1aBogotá, Colombia :bUniversidad del Rosario,c2016 a243 páginas atextobtxt2rdacontent asin mediaciónbn2rdamedia avolumenbnc2rdacarrier0 aColección textos de jurisprudencia. Serie maestría aBibliografía: páginas 221-242 aRecomendado para un público adulto aIncluye datos biográficos del autor en la solapa07aDerecho constitucionalzColombia2LEMB07aIndigenas de ColombiaxHistoria2LEMB07aIndigenas de ColombiaxTenencia de la tierra2LEMB